Quiz sur l'été - Statistiques

Statistiques générales
  • Ce quiz a été pris 353 fois
    321 depuis la dernière actualisation
  • Le résultat moyen est 5 sur 13
Statistiques - réponses
Question Réponse % Correct
Quand c'est l'été dans l'hémisphère nord, c'est l'_____ dans l'hémisphère sud hiver
98%
La plupart des personnes prennent leurs _______ dans cette saison. vacances
92%
C'est la période la plus _______ de l'année. chaude
90%
L'adjectif d'été Estival
73%
Des pays placent sur leur calendrier l'été sur une période s'étendant du _____ d'été à l'équinoxe d'automne. solstice
71%
Qui a écrit la pièce de théâtre Le Songe d'une nuit d'été ? William Shakespeare
28%
Le tube de l'été 2020 de Lady Gaga et Ariana Grande Rain on me
13%
Le _______ Été est un téléfilm français réalisé par Claude Goretta en 1997 Dernier
8%
L'été de la _____-_______, c'est la période de temps ensoleillé et radouci, après les premières gelées de l’automne et juste avant l’hiver. Saint-Martin
6%
L'année sans été 1816
4%
L'année de l'été rouge 1919
3%
Comment s'appelle la représentation de l'été par Vincent van Gogh ? La Moisson
0%
Finissez le proverbe: L´été de la _____ ______ ne dure que trois jours. Saint Géraud
0%
Aucun quiz correspondant
Distribution des résultats
% des personnes avec chaque résultat
Percentile par nombre de réponses
Votre historique - résultats
Vous n’avez pas pris ce quiz depuis la dernière actualisation